| 000 | 00692cam a2200205 4500 | ||
|---|---|---|---|
| 008 | 090401t1992 xxu||||| |||| 00| 0 eng d | ||
| 020 | _a0117526800 | ||
| 035 | _a(Sirsi) u61480 | ||
| 041 | _aeng | ||
| 110 |
_aUnited Kingdom _bDepartment of the Environment _9982 |
||
| 245 | _aTown and Country Planning General Regulations 1992 : Town and Country Planning (Development Plans and Consultation) Directions 1992 | ||
| 260 |
_bHMSO _c1992 |
||
| 300 | _a16p | ||
| 350 | _a2.75 | ||
| 490 |
_aDoE Circular _v19/92 13 July 1992 |
||
| 520 | _aExplains the new regulations under Town and Country Planning Act 1990. | ||
| 690 | _aPLANNING LAW AND PRACTICE | ||
| 942 | _n0 | ||
| 948 | _c04/03/1997 | ||
| 999 |
_c94317 _d94317 |
||